BLACKPINK Click Quiz (2023) - Statistics

General Stats
  • This quiz has been taken 618 times
  • The average score is 17 of 28
Answer Stats
Hint Answer % Correct
Solo Release Title Track: Lalisa Lisa
84%
Solo Release Title Track: Flower Jisoo
83%
Raised in Thailand (Bangkok) Lisa
83%
Solo Release Title Track: On The Ground Rosè
83%
Solo Release Title Track: Solo Jennie
82%
Born in Thailand (Bangkok) Lisa
82%
Main Dancer Lisa
75%
Raised in Australia (Melbourne) Rosè
73%
Visual Jisoo
72%
Main Vocalist Rosè
70%
Lead Rapper Lisa
63%
Raised in South Korea (Seoul) Jisoo
61%
Born March 1997 Lisa
61%
Main Rapper Jennie
60%
Born January 1995 Jisoo
59%
Born February 1997 Rosè
57%
Born in South Korea (Sanbon-dong) Jisoo
56%
Lead Vocalist (2nd best vocals in group) Jisoo
53%
Born in New Zealand (Auckland) Rosè
53%
Lead Vocalist (3rd best vocals in group) Jennie
51%
Raised in New Zealand (Auckland) Jennie
51%
Height: 162cm Jisoo
50%
Born January 1996 Jennie
49%
Height: 168cm Rosè
47%
Height: 167cm Lisa
45%
Height: 163cm Jennie
39%
Lead Dancer Rosè
39%
Born in South Korea (Cheongdam-dong) Jennie
38%
No matching quizzes found
Score Distribution
Percent of People with Each Score
Percentile by Number Answered
Your Score History
You have not taken this quiz